Statistics for Sassuolo Best Scorer By Year

Click here to take the quiz!

General Stats

  • This quiz has been taken 98 times
    (72 since last reset)
  • The average score is 3 of 6

Answer Stats

Player% Correct
Domenico Berardi
100%
Gianluca Scamacca
72%
Francesco Caputo
61%
Grégoire Defrel
52%
Matteo Politano
28%
Nicola Sansone
28%

Score Distribution

Percentile by Number Answered

Percent of People with Each Score

Your Score History

You have not taken this quiz since the last reset